Giáo trình thị trường chứng khoán

Đã lưu trong:
Bibliografiske detaljer
Hovedforfatter: Bùi Kim Yến
Format: Bog
Sprog:Undetermined
Udgivet: Hà Nội Lao động 2005
Fag:
Tags: Tilføj Tag
Ingen Tags, Vær først til at tagge denne postø!
Thư viện lưu trữ: Trung tâm Học liệu Trường Đại học Cần Thơ
LEADER 00535nam a2200193Ia 4500
001 CTU_60189
008 210402s9999 xx 000 0 und d
020 |b 30000 
082 |a 332.642 
082 |b Y603 
100 |a Bùi Kim Yến 
245 0 |a Giáo trình thị trường chứng khoán 
245 0 |c Bùi Kim Yến 
260 |a Hà Nội 
260 |b Lao động 
260 |c 2005 
650 |a bank marketing,stock exchanges 
904 |i minh 
980 |a Trung tâm Học liệu Trường Đại học Cần Thơ